000 00939nam a2200241 a 4500
001 000038886
005 20240506203333.0
008 130501s2000 dr 000 0 spa d
040 _aDO-SdBNP
_bspa
_cBNPHU
082 _a304.28
_bP644g
100 1 _aPimentel Rosario, Irvin Noris
_965159
245 1 0 _aGuía didáctica :
_bmujer y medio ambiente, técnicas y ejercicios para el trabajo /
_cIrvin Noris Pimentel Rosario.
260 _aSanto Domingo :
_bDominicana de Impresos y Publicidad,
_c2000.
300 _a224 p. ;
_c27 cm.
504 _aBibliografía : p. 223-224.
590 _aInventariado, 2018/BT
650 0 _aMujeres en el desarrollo de la comunidad
_92086
650 4 _aHombres
_xInfluencia sobre la naturaleza
_926312
650 4 _aProtección del medio ambiente
_94185
650 4 _aEcología aplicada
_948941
650 4 _aGestión ambiental
_zRepública Dominicana
_933772
910 _aValidado. Control de calidad. EMS
999 _c38376
_d38376